[Event "22nd Capablanca Memorial group A"]
[Site "Camaguey CUB"]
[Date "1987.??.??"]
[Round "?"]
[White "Andonov, Bogomil"]
[Black "Garcia Palermo, Carlos"]
[Result "0-1"]
[WhiteElo "2450"]
[BlackElo "2530"]
[EventDate "1987.05.20"]
[PlyCount "46"]

1.Nf3 d5 2.d4 e6 3.Bg5 Be7 4.Bxe7 Qxe7 5.Nbd2 Nf6 6.e3 Nbd7 7.Ne5 Nxe5 8.
dxe5 Nd7 9.Qg4 O-O 10.f4 Qb4 11.Bd3 f5 12.Qh3 Nc5 13.Rb1 b6 14.a3 Nxd3+ 
15.cxd3 Qb5 16.d4 Ba6 17.Qf3 c5 18.dxc5 Rac8 19.Qd1 Qxc5 20.Kf2 d4 21.exd4
Qxd4+ 22.Kg3 g5 23.fxg5 Rfd8 0-1

[Event "22nd Capablanca Memorial group A"]
[Site "Camaguey CUB"]
[Date "1987.??.??"]
[Round "?"]
[White "Andonov, Bogomil"]
[Black "Hazai, Laszlo"]
[Result "1-0"]
[WhiteElo "2450"]
[BlackElo "2465"]
[EventDate "1987.05.20"]
[PlyCount "47"]

1.d4 Nf6 2.c4 g6 3.Nc3 Bg7 4.e4 d6 5.Nf3 O-O 6.h3 e5 7.d5 Na6 8.Be3 Nh5 9.
Ng1 Qe8 10.Be2 Nf4 11.Bf3 f5 12.g3 fxe4 13.Nxe4 Bf5 14.Ne2 g5 15.N2c3 Qg6 
16.gxf4 exf4 17.Bd4 Rae8 18.Bh5 Qxh5 19.Qxh5 Bxe4 20.O-O-O Bxd4 21.Nxe4 
Rxe4 22.Rxd4 Rxd4 23.Qxg5+ Kf7 24.Qf5+ 1-0

[Event "22nd Capablanca Memorial group A"]
[Site "Camaguey CUB"]
[Date "1987.??.??"]
[Round "?"]
[White "Andonov, Bogomil"]
[Black "Kuczynski, Robert"]
[Result "1-0"]
[WhiteElo "2450"]
[BlackElo "2450"]
[EventDate "1987.05.20"]
[PlyCount "83"]

1.e4 Nf6 2.e5 Nd5 3.d4 d6 4.Be2 g6 5.f4 Bg7 6.Nf3 O-O 7.O-O dxe5 8.fxe5 c5
9.c4 Nb6 10.d5 Bg4 11.Ng5 Bf5 12.Rxf5 gxf5 13.e6 fxe6 14.Nxe6 Qc8 15.Bd3 
Rf6 16.Bxf5 Rxf5 17.Qg4 Qxe6 18.dxe6 Rf6 19.Nc3 Nc6 20.Bg5 Rg6 21.h4 Bd4+ 
22.Kh1 Nxc4 23.Nd5 Ne3 24.Qe4 Nxd5 25.Qxd5 Rd8 26.Qe4 Rf8 27.Be3 Bxe3 28.
Qxe3 Nd4 29.h5 Rg4 30.Qh3 Rff4 31.g3 Re4 32.Rf1 Rg5 33.Rf4 Rxe6 34.Rg4 
Rxg4 35.Qxg4+ Kf7 36.Qf4+ Rf6 37.Qe4 h6 38.Qxb7 Rf5 39.g4 Rf2 40.Kg1 Rc2 
41.Kf1 a5 42.Qe4 1-0

[Event "22nd Capablanca Memorial group A"]
[Site "Camaguey CUB"]
[Date "1987.??.??"]
[Round "?"]
[White "Andonov, Bogomil"]
[Black "Novikov, Igor"]
[Result "0-1"]
[WhiteElo "2450"]
[BlackElo "2480"]
[EventDate "1987.05.20"]
[PlyCount "86"]

1.e4 c5 2.Nc3 d6 3.Nge2 Nf6 4.g3 b5 5.Bg2 Bb7 6.d3 b4 7.Nd5 Nxd5 8.exd5 e5
9.c4 Nd7 10.Be3 g6 11.Qd2 Bg7 12.O-O-O a5 13.g4 Qe7 14.g5 h5 15.Ng3 a4 16.
a3 O-O 17.Ne4 Rfb8 18.Kc2 Bc8 19.Ra1 f5 20.gxf6 Nxf6 21.Nxf6+ Qxf6 22.Be4 
Bf5 23.f3 b3+ 24.Kc1 Bxe4 25.fxe4 Qf3 26.Rg1 Rf8 27.Qe1 Qh3 28.Qe2 Rf3 29.
Kd2 Kh7 30.Qg2 Qxg2+ 31.Rxg2 Raf8 32.Rag1 R8f6 33.Ke2 Rh3 34.Bg5 Rf7 35.
Bd2 Bf8 36.Rxg6 Rxh2+ 37.R6g2 Rxg2+ 38.Rxg2 Bh6 39.Bxh6 Kxh6 40.Rg8 Rf6 
41.Ra8 h4 42.Rxa4 Rf7 43.Ra6 h3 0-1

[Event "22nd Capablanca Memorial group A"]
[Site "Camaguey CUB"]
[Date "1987.??.??"]
[Round "?"]
[White "Andonov, Bogomil"]
[Black "Verduga Zavala, Denis Homero"]
[Result "0-1"]
[WhiteElo "2450"]
[BlackElo "2435"]
[EventDate "1987.05.20"]
[PlyCount "138"]

1.e4 c5 2.Nf3 d6 3.d4 cxd4 4.Nxd4 Nf6 5.f3 Nc6 6.c4 Qb6 7.Nc2 e6 8.Nc3 Be7
9.Rb1 O-O 10.Be3 Qc7 11.Be2 a6 12.Qd2 Ne5 13.b3 Bd7 14.Nd4 Rfe8 15.O-O 
Rac8 16.Rfc1 Qb8 17.Kh1 Bd8 18.Bf1 h6 19.Bg1 Ba5 20.a3 h5 21.Rc2 h4 22.
Rbc1 Ng6 23.Rd1 Bc7 24.b4 d5 25.cxd5 exd5 26.Re1 Bf4 27.Qf2 Bg3 28.hxg3 
hxg3 29.Qd2 Qe5 30.Nf5 Bxf5 31.Bd4 Qe6 32.Qg5 dxe4 33.Rce2 Nh7 34.Qxg3 Qd7
35.fxe4 Qxd4 36.exf5 Rxe2 37.Nxe2 Qh4+ 38.Kg1 Qxg3 39.Nxg3 Ngf8 40.Re7 Rc3
41.a4 Rxg3 42.Rxb7 Ra3 43.a5 Ra1 44.Kf2 Nf6 45.Bxa6 Ne4+ 46.Kf3 Nd6 47.Rb8
Nxf5 48.Ke4 g6 49.Kd3 Kg7 50.Kc3 Nd7 51.Rd8 Ne5 52.Bb7 Kf6 53.Kb2 Ra4 54.
Kb3 Ra1 55.Kb2 Ra4 56.Kb3 Ra1 57.a6 Ke7 58.Rd5 Nd7 59.Ra5 Rb1+ 60.Kc3 Rc1+
61.Kd2 Rc7 62.a7 Nb6 63.Re5+ Kd7 64.Rb5 Rxb7 65.a8=Q Nxa8 66.Rxb7+ Nc7 67.
Ke2 Nd6 68.Rb6 Nd5 69.Rb8 Kc7 0-1

[Event "22nd Capablanca Memorial group A"]
[Site "Camaguey CUB"]
[Date "1987.??.??"]
[Round "?"]
[White "Garcia Gonzales, Guillermo"]
[Black "Garcia Palermo, Carlos"]
[Result "1/2-1/2"]
[WhiteElo "2495"]
[BlackElo "2530"]
[EventDate "1987.05.20"]
[PlyCount "24"]

1.d4 d5 2.Nf3 e6 3.c4 Nf6 4.Nc3 Be7 5.Bg5 O-O 6.e3 Nbd7 7.Rc1 c6 8.Bd3 
dxc4 9.Bxc4 Nd5 10.Bxe7 Qxe7 11.O-O Nxc3 12.Rxc3 e5 1/2-1/2

[Event "22nd Capablanca Memorial group A"]
[Site "Camaguey CUB"]
[Date "1987.??.??"]
[Round "?"]
[White "Garcia Gonzales, Guillermo"]
[Black "Kuczynski, Robert"]
[Result "1/2-1/2"]
[WhiteElo "2495"]
[BlackElo "2450"]
[EventDate "1987.05.20"]
[PlyCount "23"]

1.d4 d5 2.c4 c6 3.Nc3 Nf6 4.cxd5 cxd5 5.Bf4 Nc6 6.e3 a6 7.Bd3 Bg4 8.f3 Bh5
9.Nge2 e6 10.Rc1 Be7 11.O-O Bg6 12.h3 1/2-1/2

[Event "22nd Capablanca Memorial group A"]
[Site "Camaguey CUB"]
[Date "1987.??.??"]
[Round "?"]
[White "Garcia Gonzales, Guillermo"]
[Black "Ubilava, Elizbar"]
[Result "1/2-1/2"]
[WhiteElo "2495"]
[BlackElo "2495"]
[EventDate "1987.05.20"]
[PlyCount "21"]

1.d4 d5 2.c4 e6 3.Nf3 Nf6 4.Nc3 Be7 5.Bg5 Nbd7 6.e3 O-O 7.Rc1 dxc4 8.Bxc4 
a6 9.a4 c5 10.O-O cxd4 11.Nxd4 1/2-1/2

[Event "22nd Capablanca Memorial group A"]
[Site "Camaguey CUB"]
[Date "1987.??.??"]
[Round "?"]
[White "Garcia Palermo, Carlos"]
[Black "Rodriguez Cespedes, Amador"]
[Result "1-0"]
[WhiteElo "2530"]
[BlackElo "2495"]
[EventDate "1987.05.20"]
[PlyCount "51"]

1.d4 Nf6 2.c4 e6 3.Nf3 b6 4.g3 Ba6 5.Qa4 c5 6.Bg2 Bb7 7.O-O cxd4 8.Nxd4 
Bxg2 9.Kxg2 Qc7 10.Nc3 Be7 11.Rd1 a6 12.f3 O-O 13.Bg5 Nc6 14.Nxc6 dxc6 15.
Rac1 Qb7 16.Bxf6 Bxf6 17.Ne4 Be7 18.Nd6 Qc7 19.c5 bxc5 20.Rxc5 Rac8 21.
Nxc8 Bxc5 22.Rc1 Qe5 23.Qxc6 Qxe2+ 24.Kh3 Be3 25.Ne7+ Kh8 26.Qc8 1-0

[Event "22nd Capablanca Memorial group A"]
[Site "Camaguey CUB"]
[Date "1987.??.??"]
[Round "?"]
[White "Garcia Palermo, Carlos"]
[Black "Verduga Zavala, Denis Homero"]
[Result "1-0"]
[WhiteElo "2530"]
[BlackElo "2435"]
[EventDate "1987.05.20"]
[PlyCount "71"]

1.d4 Nf6 2.c4 c5 3.d5 g6 4.Nc3 d6 5.e4 Bg7 6.Nf3 O-O 7.h3 e6 8.Bd3 exd5 9.
exd5 Re8+ 10.Be3 Bf5 11.Bxf5 gxf5 12.O-O Ne4 13.Ne2 Nd7 14.Qc2 Qf6 15.b3 
a6 16.Rae1 b5 17.Bc1 bxc4 18.bxc4 Rab8 19.Ng3 Qc3 20.Qxc3 Bxc3 21.Rd1 Nb6 
22.Bf4 Nxc4 23.Rc1 Ne5 24.Bxe5 Bxe5 25.Nxf5 Nc3 26.Rfe1 Nxa2 27.Rc4 h5 28.
Nxe5 dxe5 29.Rxc5 Nb4 30.Re3 Rbd8 31.d6 e4 32.Rc7 Re6 33.Rg3+ Kh8 34.Rxf7 
Nd5 35.Rgg7 Nf6 36.Ne7 1-0

[Event "22nd Capablanca Memorial group A"]
[Site "Camaguey CUB"]
[Date "1987.??.??"]
[Round "?"]
[White "Hazai, Laszlo"]
[Black "Garcia Palermo, Carlos"]
[Result "1/2-1/2"]
[WhiteElo "2465"]
[BlackElo "2530"]
[EventDate "1987.05.20"]
[PlyCount "92"]

1.e4 c6 2.d4 d5 3.Nc3 dxe4 4.Nxe4 Bf5 5.Ng3 Bg6 6.h4 h6 7.Nf3 Nd7 8.h5 Bh7
9.Bd3 Bxd3 10.Qxd3 Qc7 11.Bd2 e6 12.O-O-O Ngf6 13.Ne4 O-O-O 14.g3 Nc5 15.
Nxc5 Bxc5 16.c4 Rhe8 17.Bc3 Bf8 18.Qc2 c5 19.d5 exd5 20.Bxf6 gxf6 21.Qf5+ 
Qd7 22.Rxd5 Qxf5 23.Rxf5 Re2 24.Rf1 Rde8 25.Rd5 R8e4 26.Nd2 Rg4 27.Kd1 Re5
28.Rxe5 fxe5 29.Re1 f6 30.b3 Kd7 31.Re4 Rxe4 32.Nxe4 f5 33.Nc3 e4 34.Ke2 
Bd6 35.Ke3 Be5 36.Ne2 Ke6 37.f4 exf3 38.Kxf3 Kf6 39.Nf4 Bd6 40.Nh3 Ke5 41.
Ke3 a6 42.a3 a5 43.a4 Kf6 44.Kf3 Be5 45.Nf4 Bd4 46.Nd3 Kg5 1/2-1/2

[Event "22nd Capablanca Memorial group A"]
[Site "Camaguey CUB"]
[Date "1987.??.??"]
[Round "?"]
[White "Hazai, Laszlo"]
[Black "Novikov, Igor"]
[Result "1/2-1/2"]
[WhiteElo "2465"]
[BlackElo "2480"]
[EventDate "1987.05.20"]
[PlyCount "41"]

1.e4 c5 2.Nf3 d6 3.d4 cxd4 4.Nxd4 Nf6 5.Nc3 a6 6.f4 e5 7.Nf3 Nbd7 8.a4 Qc7
9.Bd3 Be7 10.O-O O-O 11.Kh1 Nc5 12.Qe1 exf4 13.Bxf4 Re8 14.Nd4 Bd7 15.Bg5 
Qd8 16.Qf2 Rc8 17.h3 Be6 18.Nf5 Bxf5 19.Qxf5 Qd7 20.Qf3 Qe6 21.Nd5 1/2-1/2

[Event "22nd Capablanca Memorial group A"]
[Site "Camaguey CUB"]
[Date "1987.??.??"]
[Round "?"]
[White "Hazai, Laszlo"]
[Black "Verduga Zavala, Denis Homero"]
[Result "1/2-1/2"]
[WhiteElo "2465"]
[BlackElo "2435"]
[EventDate "1987.05.20"]
[PlyCount "37"]

1.e4 c5 2.Nf3 d6 3.d4 cxd4 4.Nxd4 Nf6 5.Nc3 a6 6.f4 Bg4 7.Qd3 e5 8.Nb3 Nc6
9.Qg3 Be6 10.f5 Bxb3 11.axb3 d5 12.Bd3 d4 13.Nd1 Rc8 14.O-O h5 15.Nf2 h4 
16.Qf3 Nb4 17.Qe2 Be7 18.Bd2 Qb6 19.Bxb4 1/2-1/2

[Event "22nd Capablanca Memorial group A"]
[Site "Camaguey CUB"]
[Date "1987.??.??"]
[Round "?"]
[White "Knaak, Rainer"]
[Black "Andonov, Bogomil"]
[Result "1/2-1/2"]
[WhiteElo "2505"]
[BlackElo "2450"]
[EventDate "1987.05.20"]
[PlyCount "126"]

1.d4 Nf6 2.c4 a6 3.Nf3 b5 4.e3 bxc4 5.Bxc4 d5 6.Bb3 e6 7.Qc2 c5 8.dxc5 
Qa5+ 9.Bd2 Qxc5 10.Nc3 Nbd7 11.Rc1 Bb7 12.Qd3 Qd6 13.Nd4 Nc5 14.Ba4+ Nfd7 
15.Qe2 e5 16.Nf5 Qg6 17.Bxd7+ Kxd7 18.b4 Qxf5 19.bxc5 Bc6 20.e4 dxe4 21.
Rd1 Ke8 22.O-O Qg6 23.Be3 Qe6 24.Rb1 f5 25.Rb6 f4 26.Qh5+ g6 27.Rxc6 Qxc6 
28.Qxe5+ Kf7 29.Qxf4+ Kg8 30.Nxe4 Bg7 31.Nd6 h6 32.h4 Rf8 33.Qc4+ Kh7 34.
Qd3 Be5 35.Nc4 Bc7 36.Qd4 Rhg8 37.Rc1 Rd8 38.Qc3 Qd5 39.Qb4 Qd1+ 40.Qe1 
Qxe1+ 41.Rxe1 Rge8 42.g3 h5 43.Kg2 Kg8 44.Rc1 Re6 45.Rc3 Rc8 46.Ra3 Bd8 
47.Nb6 Rcc6 48.Rxa6 Be7 49.Ra5 Re5 50.Ra8+ Kf7 51.Ra7 Ke8 52.Na4 Ree6 53.
Rb7 Re4 54.Rb8+ Kf7 55.Rb6 Rxb6 56.Nxb6 Re6 57.Nc4 Ra6 58.c6 Ke6 59.Bb6 
Bd6 60.c7 Bxc7 61.Bxc7 Rc6 62.Ne5 Rxc7 63.Nxg6 Rc5 1/2-1/2

[Event "22nd Capablanca Memorial group A"]
[Site "Camaguey CUB"]
[Date "1987.??.??"]
[Round "?"]
[White "Knaak, Rainer"]
[Black "Garcia Gonzales, Guillermo"]
[Result "1/2-1/2"]
[WhiteElo "2505"]
[BlackElo "2495"]
[EventDate "1987.05.20"]
[PlyCount "82"]

1.d4 Nf6 2.c4 e6 3.Nc3 Bb4 4.e3 c5 5.Bd3 Nc6 6.Ne2 cxd4 7.exd4 d5 8.cxd5 
exd5 9.O-O O-O 10.Bg5 Be7 11.Rc1 Re8 12.Qb3 Na5 13.Qa4 Bd7 14.Qc2 Rc8 15.
Bxf6 Bxf6 16.Bxh7+ Kh8 17.Bd3 Nc6 18.Qd1 Bg4 19.h3 Bxe2 20.Nxe2 Qd6 21.Nc3
g6 22.Qf3 Kg7 23.Qxd5 Qxd5 24.Nxd5 Bxd4 25.b3 Rcd8 26.Bc4 Re5 27.Nf4 Bb6 
28.Rfd1 Nd4 29.Bd3 Ne6 30.Nxe6+ Rxe6 31.Bc4 Red6 32.Rxd6 Rxd6 33.Rc2 Rd1+ 
34.Bf1 Ba5 35.Rc4 Bb6 36.Rf4 a5 37.g3 Bc5 38.Kg2 Rd6 39.Rc4 b6 40.a4 Rd2 
41.Rf4 Rd4 1/2-1/2

[Event "22nd Capablanca Memorial group A"]
[Site "Camaguey CUB"]
[Date "1987.??.??"]
[Round "?"]
[White "Knaak, Rainer"]
[Black "Hazai, Laszlo"]
[Result "1/2-1/2"]
[WhiteElo "2505"]
[BlackElo "2465"]
[EventDate "1987.05.20"]
[PlyCount "89"]

1.d4 Nf6 2.c4 g6 3.Nc3 Bg7 4.e4 d6 5.f3 O-O 6.Be3 c5 7.dxc5 dxc5 8.Qxd8 
Rxd8 9.Bxc5 Nc6 10.Ba3 b6 11.Be2 Bb7 12.Nh3 Nd7 13.O-O-O Bxc3 14.bxc3 Ba6 
15.Nf4 e6 16.c5 Bxe2 17.Nxe2 Nxc5 18.Bxc5 bxc5 19.Rxd8+ Rxd8 20.Rd1 Rxd1+ 
21.Kxd1 Kf8 22.Kc2 Ke7 23.f4 f6 24.Kd3 Kd6 25.g4 Ne7 26.Ng3 Kc6 27.Nf1 Nc8
28.Ne3 Nd6 29.a4 Kb6 30.f5 gxf5 31.gxf5 exf5 32.exf5 Ka5 33.Nc4+ Nxc4 34.
Kxc4 Kxa4 35.Kxc5 Kb3 36.c4 a5 37.Kb5 a4 38.c5 a3 39.c6 a2 40.c7 a1=Q 41.
c8=Q Qa4+ 42.Kb6 Qb4+ 43.Ka7 Qa5+ 44.Kb7 Qb5+ 45.Ka7 1/2-1/2

[Event "22nd Capablanca Memorial group A"]
[Site "Camaguey CUB"]
[Date "1987.??.??"]
[Round "?"]
[White "Knaak, Rainer"]
[Black "Kuczynski, Robert"]
[Result "1-0"]
[WhiteElo "2505"]
[BlackElo "2450"]
[EventDate "1987.05.20"]
[PlyCount "91"]

1.d4 d5 2.c4 c6 3.Nf3 Nf6 4.Nc3 e6 5.Bg5 h6 6.Bxf6 Qxf6 7.g3 Qd8 8.Bg2 Be7
9.O-O O-O 10.e4 dxc4 11.Qe2 b5 12.Rfd1 b4 13.Nb1 Ba6 14.Qc2 Nd7 15.Nbd2 
Nb6 16.Bf1 c5 17.dxc5 Bxc5 18.Nxc4 Qc7 19.Na5 Bxf1 20.Kxf1 Rfd8 21.Rxd8+ 
Rxd8 22.Rc1 Nd7 23.Nb3 Qb6 24.Kg2 Bf8 25.Qc7 g6 26.Rc6 Qxc7 27.Rxc7 Bg7 
28.Na5 Ne5 29.Nxe5 Bxe5 30.Rc2 Ra8 31.Kf3 Bf6 32.Ke2 Kf8 33.Nc6 a5 34.Kd3 
Bd8 35.Kc4 Ke8 36.Kb5 Bc7 37.Rd2 g5 38.h3 h5 39.b3 h4 40.gxh4 gxh4 41.e5 
Rc8 42.Ka6 Bb8 43.Kb7 Rc7+ 44.Kb6 Rc8 45.f4 f6 46.Rg2 1-0

[Event "22nd Capablanca Memorial group A"]
[Site "Camaguey CUB"]
[Date "1987.??.??"]
[Round "?"]
[White "Knaak, Rainer"]
[Black "Ubilava, Elizbar"]
[Result "1/2-1/2"]
[WhiteElo "2505"]
[BlackElo "2495"]
[EventDate "1987.05.20"]
[PlyCount "84"]

1.d4 d5 2.c4 e6 3.Nc3 Be7 4.cxd5 exd5 5.Bf4 Nf6 6.e3 Bf5 7.Nge2 c6 8.Ng3 
Bg6 9.Bd3 Bxd3 10.Qxd3 g6 11.O-O O-O 12.f3 Nbd7 13.Rad1 Qb6 14.Kh1 c5 15.
Na4 Qe6 16.Nxc5 Nxc5 17.dxc5 Bxc5 18.Qb3 b6 19.Rd3 Rfe8 20.Rfd1 Kg7 21.Bg5
Be7 22.Bxf6+ Bxf6 23.Ne2 Rac8 24.Nf4 Qe5 25.Nxd5 Qxb2 26.Qa4 Qc2 27.Qxc2 
Rxc2 28.Ra3 Rd8 29.e4 Rd7 30.Ra6 Bd4 31.g3 Bc5 32.Rd3 h5 33.Nb4 Rc1+ 34.
Kg2 Rc7 35.Nd5 Rc2+ 36.Kh1 Rb7 37.f4 f6 38.Rc3 Rd2 39.Nxf6 Rd4 40.Kg2 Rd2+
41.Kh1 Rd1+ 42.Kg2 Rd2+ 1/2-1/2

[Event "22nd Capablanca Memorial group A"]
[Site "Camaguey CUB"]
[Date "1987.??.??"]
[Round "?"]
[White "Knaak, Rainer"]
[Black "Vilela de Acuna, Jose Luis"]
[Result "1-0"]
[WhiteElo "2505"]
[BlackElo "2400"]
[EventDate "1987.05.20"]
[PlyCount "69"]

1.d4 Nf6 2.c4 e6 3.Nc3 Bb4 4.e3 c5 5.Bd3 Nc6 6.Ne2 cxd4 7.exd4 d5 8.cxd5 
Nxd5 9.O-O O-O 10.a3 Be7 11.Bc2 Re8 12.Qd3 g6 13.Rd1 Bf8 14.Ne4 Bg7 15.h4 
Nce7 16.h5 b6 17.hxg6 hxg6 18.Bg5 f6 19.Bd2 a5 20.N4c3 Kf7 21.Nf4 Nxf4 22.
Bxf4 Ba6 23.Qg3 Nf5 24.Bxf5 gxf5 25.Bc7 Qd7 26.Bxb6 Rab8 27.Bxa5 Rxb2 28.
Rac1 Rb7 29.d5 e5 30.Bb4 Rh8 31.Na2 Bh6 32.Bd2 f4 33.Qf3 Bf8 34.d6 Qf5 35.
Bb4 1-0

[Event "22nd Capablanca Memorial group A"]
[Site "Camaguey CUB"]
[Date "1987.??.??"]
[Round "?"]
[White "Kuczynski, Robert"]
[Black "Garcia Palermo, Carlos"]
[Result "1/2-1/2"]
[WhiteElo "2450"]
[BlackElo "2530"]
[EventDate "1987.05.20"]
[PlyCount "45"]

1.e4 c6 2.d4 d5 3.Nd2 dxe4 4.Nxe4 Bf5 5.Ng3 Bg6 6.h4 h6 7.Nf3 Nd7 8.h5 Bh7
9.Bd3 Bxd3 10.Qxd3 Qc7 11.Bd2 e6 12.O-O-O Ngf6 13.Ne4 O-O-O 14.g3 Nxe4 15.
Qxe4 Be7 16.Qe2 Rhe8 17.Rhe1 Nf6 18.Bf4 Qa5 19.Qe5 Qxe5 20.Nxe5 Rf8 21.g4 
Nd5 22.Bd2 Bg5 23.c4 1/2-1/2

[Event "22nd Capablanca Memorial group A"]
[Site "Camaguey CUB"]
[Date "1987.??.??"]
[Round "?"]
[White "Kuczynski, Robert"]
[Black "Lanc, Alois"]
[Result "1/2-1/2"]
[WhiteElo "2450"]
[BlackElo "2495"]
[EventDate "1987.05.20"]
[PlyCount "67"]

1.e4 c5 2.Nf3 d6 3.d4 cxd4 4.Nxd4 Nf6 5.Nc3 a6 6.Be2 e6 7.O-O Nc6 8.a4 Bd7
9.Be3 Be7 10.f4 O-O 11.Kh1 Rc8 12.Nb3 Na5 13.Nd2 Be8 14.Bd3 Nd7 15.Qg4 Bf6
16.e5 Be7 17.exd6 Bxd6 18.Nce4 f5 19.Qh3 Be7 20.Nc3 Bf6 21.Rae1 Bf7 22.Nf3
Nc4 23.Bc1 Qb6 24.Nd1 h6 25.b3 Na5 26.Nb2 Nc5 27.Ne5 Nxd3 28.Qxd3 Rfe8 29.
Rd1 Bh5 30.Nbc4 Nxc4 31.Nxc4 Rxc4 32.Qxc4 Bxd1 33.Rxd1 Be7 34.Qd4 1/2-1/2

[Event "22nd Capablanca Memorial group A"]
[Site "Camaguey CUB"]
[Date "1987.??.??"]
[Round "?"]
[White "Kuczynski, Robert"]
[Black "Rodriguez Cespedes, Amador"]
[Result "1-0"]
[WhiteElo "2450"]
[BlackElo "2495"]
[EventDate "1987.05.20"]
[PlyCount "93"]

1.e4 c5 2.Nf3 d6 3.d4 cxd4 4.Nxd4 Nf6 5.Nc3 Nc6 6.Bc4 e6 7.Be3 a6 8.Qe2 
Qc7 9.O-O-O Be7 10.Bb3 Na5 11.g4 b5 12.g5 Nxb3+ 13.axb3 Nd7 14.h4 b4 15.
Na4 Nc5 16.h5 Bd7 17.Kb1 Bxa4 18.bxa4 Qb7 19.g6 Bf6 20.gxf7+ Kxf7 21.f3 
Rac8 22.b3 Rhd8 23.Bf2 Rd7 24.Rhe1 Kg8 25.Qf1 Rf7 26.Qh3 Qc7 27.Re2 Rcf8 
28.f4 Qc8 29.Qg4 Kh8 30.f5 Be5 31.Bg1 exf5 32.exf5 h6 33.Qg2 Qb7 34.Qxb7 
Rxb7 35.Nc6 Bc3 36.Ne7 Kh7 37.Ng6 Rxf5 38.Re8 Rxh5 39.Rxd6 Bf6 40.Nf8+ Kg8
41.Nd7+ Kf7 42.Rf8+ Ke7 43.Nxf6 gxf6 44.Bxc5 Rxc5 45.Rdxf6 Rb8 46.R8f7+ 
Ke8 47.Ra7 1-0

[Event "22nd Capablanca Memorial group A"]
[Site "Camaguey CUB"]
[Date "1987.??.??"]
[Round "?"]
[White "Kuczynski, Robert"]
[Black "Verduga Zavala, Denis Homero"]
[Result "0-1"]
[WhiteElo "2450"]
[BlackElo "2435"]
[EventDate "1987.05.20"]
[PlyCount "118"]

1.e4 c5 2.Nf3 d6 3.d4 cxd4 4.Nxd4 Nf6 5.Nc3 a6 6.Be2 e5 7.Nb3 Be6 8.f4 Nc6
9.f5 Bxb3 10.axb3 d5 11.exd5 Nd4 12.O-O Rc8 13.Kh1 Bb4 14.Be3 Nxe2 15.Qxe2
O-O 16.Na4 Re8 17.Nb6 Rc7 18.c4 e4 19.Rad1 Bd6 20.Bg5 h6 21.Bh4 e3 22.Rf3 
Re4 23.Bxf6 Qxf6 24.Na4 b5 25.Nc3 Re5 26.Rxe3 Rce7 27.Rxe5 Rxe5 28.Qd3 Qh4
29.g3 Qh3 30.Ne4 Rxf5 31.Qe2 Re5 32.Qf3 Rf5 33.Qe2 Re5 34.Qf3 Rf5 35.Qg2 
Qg4 36.Nc3 bxc4 37.h3 Rh5 38.Kh2 cxb3 39.Rd3 Qc4 40.Qe4 Qc8 41.h4 Re5 42.
Qf3 Qe8 43.Kg2 a5 44.Qg4 f5 45.Qc4 g5 46.hxg5 hxg5 47.Qc6 Qe7 48.Rf3 Kg7 
49.Qc8 Qf7 50.Qd8 g4 51.Qg5+ Qg6 52.Qxg6+ Kxg6 53.Rd3 Kf6 54.Nb5 Ke7 55.
Nd4 a4 56.Nc6+ Kd7 57.Nxe5+ Bxe5 58.Rd2 Kd6 59.Kf1 Bc3 0-1

[Event "22nd Capablanca Memorial group A"]
[Site "Camaguey CUB"]
[Date "1987.??.??"]
[Round "?"]
[White "Lanc, Alois"]
[Black "Garcia Palermo, Carlos"]
[Result "1-0"]
[WhiteElo "2495"]
[BlackElo "2530"]
[EventDate "1987.05.20"]
[PlyCount "88"]

1.e4 c6 2.d4 d5 3.Nc3 dxe4 4.Nxe4 Bf5 5.Ng3 Bg6 6.h4 h6 7.Nf3 Nd7 8.h5 Bh7
9.Bd3 Bxd3 10.Qxd3 Qc7 11.Bd2 e6 12.O-O-O Ngf6 13.Ne4 O-O-O 14.g3 Nxe4 15.
Qxe4 Be7 16.Kb1 Rhe8 17.Bc1 Bd6 18.Nd2 Nf6 19.Qf3 Qa5 20.Nc4 Qd5 21.Nxd6+ 
Rxd6 22.Qa3 a6 23.Rhe1 Rd7 24.Re5 Qg2 25.f4 Ng4 26.Rc5 Qe4 27.Qc3 Red8 28.
d5 Rxd5 29.Rxc6+ Kb8 30.Rxd5 exd5 31.Rc5 Nf6 32.b3 d4 33.Qa5 Qe7 34.Ba3 
Qd7 35.Bb2 d3 36.cxd3 Qxd3+ 37.Ka1 Ne4 38.Rc1 Nxg3 39.Qb6 Ne2 40.Be5+ Ka8 
41.Re1 f6 42.Bb2 Nc3 43.Rc1 Nb5 44.a4 Rd6 1-0

[Event "22nd Capablanca Memorial group A"]
[Site "Camaguey CUB"]
[Date "1987.??.??"]
[Round "?"]
[White "Lanc, Alois"]
[Black "Novikov, Igor"]
[Result "1/2-1/2"]
[WhiteElo "2495"]
[BlackElo "2480"]
[EventDate "1987.05.20"]
[PlyCount "133"]

1.e4 c5 2.Nf3 d6 3.d4 cxd4 4.Nxd4 Nf6 5.Nc3 a6 6.Bg5 e6 7.f4 Qb6 8.Qd2 
Qxb2 9.Nb3 Nc6 10.Bxf6 gxf6 11.Na4 Qa3 12.Nb6 Rb8 13.Nc4 Qa4 14.a3 b5 15.
Nxd6+ Bxd6 16.Qxd6 Qxe4+ 17.Be2 Qd5 18.Qxd5 exd5 19.O-O-O Ne7 20.Rhe1 Be6 
21.Bf3 Rg8 22.Nd4 Rb6 23.f5 Bc8 24.Rd3 Kd8 25.g4 Bb7 26.Kd2 Nc8 27.Nb3 Rd6
28.Na5 Ba8 29.a4 Kc7 30.axb5 axb5 31.Rb1 Kb6 32.c4 Na7 33.cxb5 Rc8 34.Nb3 
Rc4 35.Nd4 Ra4 36.Rb2 Rd8 37.Ne2 d4 38.Bxa8 Rxa8 39.Rxd4 Rxd4+ 40.Nxd4 Rg8
41.h3 Rd8 42.Ke3 Rd5 43.Ne2 Rxb5 44.Rd2 Rb3+ 45.Kf4 Kc7 46.Ng3 Nc8 47.Ne4 
Rb4 48.Kf3 Rb6 49.Kg3 Nd6 50.Nxd6 Rxd6 51.Ra2 Rd3+ 52.Kh4 Kd7 53.Ra7+ Ke8 
54.Ra8+ Ke7 55.Rh8 Rf3 56.Rxh7 Kf8 57.Rh8+ Kg7 58.Ra8 Rd3 59.Ra2 Rc3 60.
Rg2 Rc8 61.Kg3 Rc3+ 62.Kh2 Rb3 63.Rf2 Kh6 64.h4 Rb4 65.Kg3 Rb1 66.Re2 Rg1+
67.Kf3 1/2-1/2

[Event "22nd Capablanca Memorial group A"]
[Site "Camaguey CUB"]
[Date "1987.??.??"]
[Round "?"]
[White "Lanc, Alois"]
[Black "Rodriguez Cespedes, Amador"]
[Result "1/2-1/2"]
[WhiteElo "2495"]
[BlackElo "2495"]
[EventDate "1987.05.20"]
[PlyCount "22"]

1.e4 e5 2.Nf3 Nc6 3.Bb5 a6 4.Ba4 Nf6 5.O-O Be7 6.Re1 b5 7.Bb3 d6 8.c3 O-O 
9.h3 Na5 10.Bc2 c5 11.d3 Re8 1/2-1/2

[Event "22nd Capablanca Memorial group A"]
[Site "Camaguey CUB"]
[Date "1987.??.??"]
[Round "?"]
[White "Novikov, Igor"]
[Black "Zapata Ramirez, Alonso"]
[Result "1/2-1/2"]
[WhiteElo "2480"]
[BlackElo "2505"]
[EventDate "1987.05.20"]
[PlyCount "48"]

1.d4 Nf6 2.c4 d6 3.Nc3 Nbd7 4.e4 e5 5.Nge2 g6 6.f3 Bg7 7.Bg5 c6 8.Qd2 a6 
9.d5 cxd5 10.Nxd5 h6 11.Be3 Nxd5 12.cxd5 Bf6 13.h4 Bxh4+ 14.g3 Be7 15.Rxh6
Rxh6 16.Bxh6 b5 17.Be3 Nb6 18.b3 Bd7 19.Nc3 Qc7 20.Rc1 Qb7 21.Qh2 Bf6 22.
Bh3 Ke7 23.Bxd7 Nxd7 24.Nd1 Rc8 1/2-1/2

[Event "22nd Capablanca Memorial group A"]
[Site "Camaguey CUB"]
[Date "1987.??.??"]
[Round "?"]
[White "Rodriguez Cespedes, Amador"]
[Black "Garcia Gonzales, Guillermo"]
[Result "1/2-1/2"]
[WhiteElo "2495"]
[BlackElo "2495"]
[EventDate "1987.05.20"]
[PlyCount "28"]

1.e4 e5 2.Nf3 Nf6 3.Nxe5 d6 4.Nf3 Nxe4 5.d4 d5 6.Be2 Bd6 7.O-O O-O 8.Nbd2 
Bf5 9.Nxe4 Bxe4 10.Bg5 Qd7 11.Qd2 Nc6 12.c3 h6 13.Bf4 Rfe8 14.Bxd6 Qxd6 
1/2-1/2

[Event "22nd Capablanca Memorial group A"]
[Site "Camaguey CUB"]
[Date "1987.??.??"]
[Round "?"]
[White "Rodriguez Cespedes, Amador"]
[Black "Ubilava, Elizbar"]
[Result "1-0"]
[WhiteElo "2495"]
[BlackElo "2495"]
[EventDate "1987.05.20"]
[PlyCount "79"]

1.e4 c5 2.Nf3 d6 3.d4 cxd4 4.Nxd4 Nf6 5.Nc3 Nc6 6.Be2 e5 7.Nf3 h6 8.O-O 
Be7 9.Re1 O-O 10.h3 Be6 11.Bf1 Rc8 12.Nd5 Bxd5 13.exd5 Nb8 14.c4 Nbd7 15.
Be3 Nh7 16.b4 a5 17.a3 Ng5 18.Nd2 f5 19.f3 Nf7 20.Bd3 e4 21.fxe4 Nfe5 22.
Be2 f4 23.Bd4 Bf6 24.Rc1 Nd3 25.Bxf6 Qxf6 26.Bxd3 Qd4+ 27.Kh1 Qxd3 28.c5 
dxc5 29.Nf3 Qxd1 30.Rcxd1 cxb4 31.axb4 axb4 32.e5 Nc5 33.e6 Rfe8 34.e7 b3 
35.d6 b2 36.Re2 Nd3 37.d7 Kf7 38.Ne5+ Nxe5 39.dxc8=Q Rxc8 40.Rxe5 1-0

[Event "22nd Capablanca Memorial group A"]
[Site "Camaguey CUB"]
[Date "1987.??.??"]
[Round "?"]
[White "Rodriguez Cespedes, Amador"]
[Black "Vilela de Acuna, Jose Luis"]
[Result "1-0"]
[WhiteElo "2495"]
[BlackElo "2400"]
[EventDate "1987.05.20"]
[PlyCount "67"]

1.d4 Nf6 2.c4 e6 3.Nc3 Bb4 4.Qc2 b6 5.e4 Bb7 6.Bd3 c5 7.d5 b5 8.b3 exd5 9.
exd5 O-O 10.Ne2 d6 11.O-O bxc4 12.bxc4 Nbd7 13.f4 Re8 14.Ng3 Nf8 15.Nce4 
Nxe4 16.Nxe4 Bc8 17.f5 f6 18.g4 Rb8 19.Bf4 Rb6 20.Qg2 Nd7 21.g5 Rxe4 22.
Bxe4 Bc3 23.Rab1 Qe7 24.Kh1 fxg5 25.Bxg5 Bf6 26.Bf4 Ne5 27.Qc2 h6 28.Rxb6 
axb6 29.Rb1 Nd7 30.Bd3 Be5 31.Qe2 Qf6 32.Bd2 Qh4 33.a4 Nf6 34.Qg2 1-0